<?xml version="1.0" encoding="UTF-8"?>
<record
    xmlns:xsi="http://www.w3.org/2001/XMLSchema-instance"
    xsi:schemaLocation="http://www.loc.gov/MARC21/slim http://www.loc.gov/standards/marcxml/schema/MARC21slim.xsd"
    xmlns="http://www.loc.gov/MARC21/slim">

  <leader>01238nam a2200181 a 4500</leader>
  <controlfield tag="001">000038335</controlfield>
  <controlfield tag="005">20241030141145.0</controlfield>
  <controlfield tag="008">130409s2007    dr ac         000 0 spa d</controlfield>
  <datafield tag="020" ind1=" " ind2=" ">
    <subfield code="a">9789993467380</subfield>
  </datafield>
  <datafield tag="100" ind1="1" ind2=" ">
    <subfield code="a">Bobea Billini, Mario</subfield>
    <subfield code="9">64696</subfield>
  </datafield>
  <datafield tag="245" ind1="1" ind2="0">
    <subfield code="a">Mario Bobea Billini :</subfield>
    <subfield code="b">forjador de sue&#xF1;os /</subfield>
    <subfield code="c">Mario Bobea Billini ; editoras Mar&#xED;a Ugarte, Monteserrat Prats.</subfield>
  </datafield>
  <datafield tag="260" ind1=" " ind2=" ">
    <subfield code="a">Santo Domingo :</subfield>
    <subfield code="b">Amigos del Hogar,</subfield>
    <subfield code="c">2007.</subfield>
  </datafield>
  <datafield tag="300" ind1=" " ind2=" ">
    <subfield code="a">423 p. :</subfield>
    <subfield code="b">il., retrs.</subfield>
  </datafield>
  <datafield tag="505" ind1="0" ind2=" ">
    <subfield code="t">Presentaci&#xF3;n --</subfield>
    <subfield code="t">Nota preliminar --</subfield>
    <subfield code="t">MARIO BOBEA BILLINI "hizo todo lo que le gustaba" --</subfield>
    <subfield code="t">Hizo todo lo que le gustaba 19 textos de Don Mario Una charla : los nuevos --</subfield>
    <subfield code="t">Dos poemas --</subfield>
    <subfield code="t">Columnas de la naci&#xF3;n --</subfield>
    <subfield code="t">Selecci&#xF3;n 1952 --</subfield>
    <subfield code="t">Art&#xED;culos publicados en el peri&#xF3;dico El Caribe. Selecci&#xF3;n 1980 --</subfield>
    <subfield code="t">Art&#xED;culos de la revista "Ahora" selecci&#xF3;n --</subfield>
    <subfield code="t">Cartas a Inmaculada. Selecci&#xF3;n --</subfield>
    <subfield code="t">Art&#xED;culos del suplemento agropecuario. Selecci&#xF3;n 1983-1996 --</subfield>
    <subfield code="t">Notas necrol&#xF3;gicas --</subfield>
    <subfield code="t">In MEMORIAM. Editoriales y art&#xED;culos--</subfield>
    <subfield code="t">Editoriales --</subfield>
    <subfield code="t">Art&#xED;culos --</subfield>
    <subfield code="t">VARIOS --</subfield>
    <subfield code="t">Cronolog&#xED;a -- &#xCD;ndice onom&#xE1;stico --</subfield>
    <subfield code="t">&#xCD;ndice de nombre comunes botat&#xE1;nicos --</subfield>
  </datafield>
  <datafield tag="700" ind1="1" ind2=" ">
    <subfield code="a">Ugarte, Mar&#xED;a</subfield>
    <subfield code="d">1914-2011</subfield>
    <subfield code="e">ed.</subfield>
    <subfield code="9">24078</subfield>
  </datafield>
  <datafield tag="700" ind1="1" ind2=" ">
    <subfield code="a">Frats, Monteserrat</subfield>
    <subfield code="e">ed.</subfield>
    <subfield code="9">64697</subfield>
  </datafield>
  <datafield tag="952" ind1=" " ind2=" ">
    <subfield code="0">0</subfield>
    <subfield code="1">0</subfield>
    <subfield code="5">4</subfield>
    <subfield code="7">0</subfield>
    <subfield code="8">DS</subfield>
    <subfield code="a">GR</subfield>
    <subfield code="b">GR</subfield>
    <subfield code="c">HD</subfield>
    <subfield code="d">2013-10-16</subfield>
    <subfield code="i">LF1</subfield>
    <subfield code="l">0</subfield>
    <subfield code="o"> </subfield>
    <subfield code="p">38335-30</subfield>
    <subfield code="r">2020-06-25</subfield>
    <subfield code="t">e. 3</subfield>
    <subfield code="w">2020-06-25</subfield>
    <subfield code="y">LFDS</subfield>
    <subfield code="Z">Pr&#xE9;stamo en sala</subfield>
  </datafield>
  <datafield tag="952" ind1=" " ind2=" ">
    <subfield code="0">0</subfield>
    <subfield code="1">0</subfield>
    <subfield code="7">1</subfield>
    <subfield code="8">PD</subfield>
    <subfield code="a">PD</subfield>
    <subfield code="b">PD</subfield>
    <subfield code="c">HD</subfield>
    <subfield code="d">2013-04-09</subfield>
    <subfield code="i">LF1</subfield>
    <subfield code="l">0</subfield>
    <subfield code="o"> </subfield>
    <subfield code="p">38335-10</subfield>
    <subfield code="r">2020-06-25</subfield>
    <subfield code="w">2020-06-25</subfield>
    <subfield code="y">LFPD</subfield>
    <subfield code="Z">No se presta</subfield>
  </datafield>
  <datafield tag="952" ind1=" " ind2=" ">
    <subfield code="0">0</subfield>
    <subfield code="1">0</subfield>
    <subfield code="7">1</subfield>
    <subfield code="8">PD</subfield>
    <subfield code="a">PD</subfield>
    <subfield code="b">PD</subfield>
    <subfield code="c">HD</subfield>
    <subfield code="d">2013-04-09</subfield>
    <subfield code="i">LF1</subfield>
    <subfield code="l">0</subfield>
    <subfield code="o"> </subfield>
    <subfield code="p">38335-20</subfield>
    <subfield code="r">2020-06-25</subfield>
    <subfield code="t">e. 2</subfield>
    <subfield code="w">2020-06-25</subfield>
    <subfield code="y">LFPD</subfield>
    <subfield code="Z">No se presta</subfield>
  </datafield>
  <datafield tag="999" ind1=" " ind2=" ">
    <subfield code="c">37825</subfield>
    <subfield code="d">37825</subfield>
  </datafield>
  <datafield tag="040" ind1=" " ind2=" ">
    <subfield code="a">DO-SdBNP</subfield>
  </datafield>
</record>
